000 00861nas a2200253 4500
003 BR-BrBNA
005 20231009090754.0
008 231006b bl.||||| |||| 00| 0 por d
022 _a2177-5419
035 _a000485-5
040 _aBR-BrBNA
_bPor
042 _a102815-4
245 _aCitrus Research e Technology (Brazil)
247 _aContinuação de: Laranja : Revista Técnico Científica de Citricultura
_f2010 v. 31(1)-
260 _aCordeirópolis, SP
_bInstituto Agronômico. Centro APTA Citros Sylvio Moreira
505 _a2010 31(1); 2010 31(2); 2010 31(3); 2010 31(suplemento); 2011 32(1); 2011 32(2); 2010 32(3)
650 _2Thesaurus Agrícola Nacional
650 _2FRUTA CITRICA
650 _bFRUTA CITRICA
856 _uhttps://citrusrt.ccsm.br/archive
909 _a202310
_bLES
942 _cPeriódico
999 _c86428
_d86428